000 00586nam a2200193 i 4500
001 147364
003 ES-MaACL
005 20251014063212.0
007 t|
008 070928s1921 sp ||||1| spa d
100 1 _aUmbert, Pablo,
_d1879-1922
_9143519
245 1 4 _aLas nuevas ideas sobre la parasífilis /
_cPablo Umbert.
260 _aBarcelona :
_bImp. Atlas Geográfico,
_c1921.
300 _a164 p. ;
_c22 cm.
650 0 4 _aSífilis.
_917092
650 7 _aEnfermedades de transmisión sexual
_2embne
_912260
852 _aES-MaACL
_jB-11429
999 _c147364
_d147364